000
00297nam a22001337a 4500
003
SGT
082
_a
617.525
_b
A17B
100
_a
BHATI, GAURAV
245
_a
ASTUDY OF VERSATILITY OF MYOMUCOSAL
260
_a
SGTU
_c
2017
300
_a
56
650
_a
OREL MAXILOFACIAL SURGERY
942
_2
ddc
_c
TH
999
_c
20577
_d
20577